Contro-pedagogie della crudeltà /

Gardado en:
Detalles Bibliográficos
Autor Principal: Segato, Rita Laura, (1951-) (Author)
Outros autores: Recchia Luciani, Francesca R. (Author of introduction, etc.), Stabile, Valeria (Translator)
Formato: Libro
Idioma:Lingua italiana
Publicado: Roma : Manifestolibri, 2024
Series:Transfemminismi ; 1
Subjects:
Tags: Engadir etiqueta
Sen Etiquetas, Sexa o primeiro en etiquetar este rexistro!

MARC

LEADER 00000nam a22000007i 4500
001 IT\ICCU\UBO\4829842
003 ItRI
005 20260115232213.0
008 241011s2024 it |||||| ||||| |||||c
020 |a 9791280124999 
040 |b ita  |c importazione bologna sebina 
041 7 |a ita  |2 ISO-639-2 
100 1 |a Segato, Rita Laura,  |d  (1951-)  |0 IT\ICCU\USMV\981306  |4 aut 
240 1 0 |a Contra-pedagogias de la crudeldad  |3 IT\ICCU\UBO\4829843  |9 Segato, Rita Laura <1951-> 
245 1 0 |a Contro-pedagogie della crudeltà /  |c Rita Laura Segato ; introduzione di Francesca R. Recchia Luciani ; traduzione e postfazione di Valeria Stabile. 
260 |a Roma :  |b Manifestolibri,  |c 2024 
300 |a 159 p. ;  |c 21 cm 
650 7 |a Antropologia politica 
650 7 |a Transfemminismo 
700 1 |a Recchia Luciani, Francesca R.  |0 IT\ICCU\CFIV\075830  |4 aui 
700 1 |a Stabile, Valeria  |0 IT\ICCU\CFIV\366343  |4 trl 
790 1 |a Recchia Luciani, Francesca Romana  |3 IT\ICCU\CFIV\378169  |z Recchia Luciani, Francesca R. 
790 1 |a Segato, Rita  |3 IT\ICCU\USMV\986147  |z Segato, Rita Laura (1951-) 
830 0 |a Transfemminismi ;  |v 1  |0 IT\ICCU\UBO\4829860 
942 |2 ddc  |c BK  |n 0 
952 |0 0  |1 0  |4 0  |6 DOC_364_155000000000000_SEG  |7 0  |9 21906  |a BO  |b BO  |d 2026-01-15  |i 21090  |l 0  |o DOC 364.155 SEG  |p BO21090  |r 2026-01-15 23:22:13  |w 2026-01-15  |x [Sebina 5] [1 v.]  |y BK  |z 1 v. 
999 |c 18725  |d 18725